000 01036nam a2200253Ia 4500
001 758
003 GE_BSU
008 181216s||||||||xx |||||||||||||| ||und||
020 _a9789941408113
040 _cGE_BSU
080 _a31+33(075.8)+31+338.22(075.8)
100 _aბაკურაძე, აკაკი. ვირსალაძე,ნაირა.
245 _aსტატისტიკა ეკონომიკასა და ბიზნესში (ნაწილი 1)
245 _bქუთაისის აკაკი წერეთლის სახ. უნ–ტი
245 _cრედ.ნინო აბესაძე
260 _aქუთაისი
260 _bაკ.წერეთლის სახ. უნ–ტის გამ–ბა
260 _c2008
300 _a231გვ.
541 _h7ლ.
653 _aსტატისტიკა
653 _aსტატისტიკა ეკონომიკასა და ბიზნესში
942 _cBK
999 _c34930
_d34930